| 000 | 00486cam a22002051 4500 | ||
|---|---|---|---|
| 001 | sa 64003361 | ||
| 003 | DLC | ||
| 005 | 20260227112016.0 | ||
| 008 | 881028s1963 xx 000 0 hino | ||
| 010 | _asa 64003361 | ||
| 035 | _a(OCoLC)23541740 | ||
| 040 |
_aDLC _cMiU _dDLC |
||
| 042 | _apremarc | ||
| 050 | 0 | 0 |
_aPK1718.C423 _bB3 |
| 100 | 1 |
_aChatterjee, Hari Narayan, _d1916- |
|
| 245 | 1 | 0 | _aBāsara lagna. |
| 260 | _c[1963] | ||
| 300 |
_a394 p. _c23 cm. |
||
| 500 | _aRomanized. | ||
| 999 |
_c57867 _d57867 |
||